| 000 | 00938nam a22002177a 4500 | ||
|---|---|---|---|
| 999 |
_c181303 _d181303 |
||
| 005 | 20210907164109.0 | ||
| 010 | _a ENG-129896 -98 | ||
| 020 |
_a978-93-9121-112-7 _c7995.00( vol.3) |
||
| 035 | _a EN-113428 -30 | ||
| 037 | _bDBAD/PUB | ||
| 082 | _a347.540502468 | ||
| 100 | _aJoseph,Justice Kurian | ||
| 245 |
_aThe code of civil procedure: _cJustice Kurian Joseph, Namit Saxene _bIncluding the commercial cours,Commercial division and commercial Appellate Division of high courts act,2015/ |
||
| 250 | _a12th ed. | ||
| 260 |
_bLexis Nexis _aIndia _c2018 |
||
| 270 |
_bGurgaon _e122002 _a14th Floor , Building No 10, Tower-B, DLF Cyber City, phase -ll _k+91 124 4774444 _l+91 124 4774100 _mhelp.in@lexisnexis.com |
||
| 300 |
_av.p. _c25cm(hbk) _bvol.1-3 |
||
| 500 | _avol.1(section 1to58) vol.2(orders I to xxii) vol.3(orders xxiii to Ll) | ||
| 700 | _aSaxena,Namit | ||
| 942 |
_2ddc _cEN _h347.540502468 _mJOS |
||